| 000 | 00508nam a22001937a 4500 | ||
|---|---|---|---|
| 003 | OSt | ||
| 005 | 20250206154509.0 | ||
| 008 | 250206b |||||||| |||| 00| 0 eng d | ||
| 040 | _cMUST | ||
| 082 |
_222 _a332.9 WIN 1987 |
||
| 100 |
_aWinfield, R.G _919361 |
||
| 245 |
_aSuccess in investment/ _cR.G Winfield |
||
| 260 |
_bJohn Murrary _c1987 |
||
| 300 |
_aviii, 350p. _c22cm |
||
| 504 | _aGlossary and Indexes are included | ||
| 650 | _2Investments | ||
| 700 |
_aCurry, S.J _919362 |
||
| 942 |
_2ddc _cO_SHELF |
||
| 999 |
_c9507 _d9507 |
||